• 首页
  • 本馆介绍
  • 公告通知
  • 最新文献
  • 馆藏检索
  • 电子资源
  • 读者导购
  • 参考咨询
  • 我的图书馆
  • 登录
  • 详细信息显示
  • 放入我的书架
  • 预约/预借图书
  • 作者相关作品
  • 分类相关作品
  • 丛书相关作品
  • 出版社相关作品

书目信息

  • 表格格式
  • 工作单格式
  • 卡片格式
题名:
旅游地理信息系统设计、开发与应用
    
 
作者: 宫辉力 , 赵文吉 , 李小娟 编著
分册:  
出版信息: 北京   科学出版社  2005
页数: 278页
开本: 26cm
丛书名: 地理信息系统理论与应用丛书
单 册:
中图分类: F59-39 , F591.99-39
科图分类:
主题词: 旅游业--地理信息系统 , 旅游业 , 地理信息系统
电子资源:
ISBN: 7-03-015746-X
000 01218nam0 2200325 450
000 01190nam0 2200313 450
000 01121nam0 2200289 450
000 01084nam0 2200277 45
005 20070525131110.39
010    @a7-03-015746-X@dCNY45.00
100    @a20070420d2005 em y0chiy0120 ea
101 0  @achi
102    @aCN@b110000
105    @aa z 000yy
200 1  @a旅游地理信息系统设计、开发与应用@ALu^ You Di Li Xin Xi Xi Tong She Ji、 Kai Fa Yu Ying Yong@f宫辉力,赵文吉,李小娟等编著@FGong Hui Li, Zhao Wen Ji, Li Xiao Juan Deng Bian Zhu
210    @a北京@c科学出版社@d2005
215    @a278页@c图@d26cm
225 2  @a地理信息系统理论与应用丛书
330    @a全书共16章,系统阐述了3S技术在旅游行业的应用,包括旅游学基础、3S技术基础、旅游信息系统实现方法、旅游信息系统示范作用四部分内容。
410  0 @12001 @a地理信息系统理论与应用丛书
606 0  @a旅游业@x地理信息系统
606 0  @a旅游业
606 0  @a地理信息系统
690    @aF59-39@v4
690    @aF591.99-39@v3
701  0 @a宫辉力@AGong Hui Li@f(1956~)@4编著
701  0 @a赵文吉@AZhao Wen Ji@f(1967~)@4编著
701  0 @a李小娟@ALi Xiao Juan@c(女,@f1965~)@4编著
801  0 @aCN@bTAOJIN@c20070525
905    @a10447@dF591.99-39@e138
    
    旅游地理信息系统设计、开发与应用/宫辉力,赵文吉,李小娟等编著.-北京:科学出版社,2005
    278页:图;26cm.-(地理信息系统理论与应用丛书)
    
    
    ISBN 7-03-015746-X:CNY45.00
    全书共16章,系统阐述了3S技术在旅游行业的应用,包括旅游学基础、3S技术基础、旅游信息系统实现方法、旅游信息系统示范作用四部分内容。
●
相关链接 在E读中查询图书 在五车中查询图书 在当当中查询图书 在豆瓣中查询图书


正题名:旅游地理信息系统设计、开发与应用     索取号:F591.99-39/138         预约/预借

序号 登录号 条形码 馆藏地/架位号 状态 备注
1 0522596   205225969   第一样本阅览室/ [索取号:F591.99-39/138] 在馆    
2 0522597   205225978   第一借阅区/ [索取号:F591.99-39/138] 在馆    
3 0522598   205225987   第一借阅区/ [索取号:F591.99-39/138] 在馆    
4 0522599   205225996   第一借阅区/ [索取号:F591.99-39/138] 在馆    
5 0522600   205226003   第一借阅区/ [索取号:F591.99-39/138] 在馆    
6 0522601   205226012   第一借阅区/ [索取号:F591.99-39/138] 在馆    
7 0522602   205226021   第一借阅区/ [索取号:F591.99-39/138] 在馆    
唐山师范学院图书馆 欢迎您!
大连网信软件有限公司© 版权所有